{"text_format":"3","workbook":"xlsx","n_sheets":1,"sheets":["t486"],"read":"whole","date_system":"1900"}

{"sheet":"t486","index":0,"n_rows":180,"n_cols":7,"rows_kept":180,"merged":[[0,0,0,6],[30,0,30,5],[48,0,48,5],[153,0,153,5]]}
["TABELA 486.1 - Estatísticas Agrícolas, Município de Rio das Pedras, Estado de São Paulo, 2007/08."]
["ITEM","UNIDADE","N.DE UPAs","MÍNIMO","MÉDIO","MÁXIMO","TOTAL"]
["Distância à sede do município","km",412,{"v":1,"d":"1.0"},{"v":10.03,"d":"10.0"},{"v":27,"d":"27.0"},"-"]
["Área total","hectare",412,0.2,48.6,819.4,{"v":20024.4,"d":"20,024.4"}]
["Área com cultura perene","hectare",8,0.4,{"v":5.68,"d":"5.7"},{"v":36,"d":"36.0"},45.4]
["Área com cultura temporária","hectare",351,0.2,{"v":41.95,"d":"42.0"},574.7,{"v":14725.6,"d":"14,725.6"}]
["Área com pastagem","hectare",164,0.2,{"v":9.15,"d":"9.2"},137.4,{"v":1501,"d":"1,501.0"}]
["Área com reflorestamento","hectare",69,0.1,{"v":8.13,"d":"8.1"},164.7,{"v":561,"d":"561.0"}]
["Área com vegetação natural","hectare",165,0.1,{"v":9.75,"d":"9.8"},191.6,{"v":1608.2,"d":"1,608.2"}]
["Área com vegetação de brejo e várzea","hectare",4,1.6,5.3,{"v":14,"d":"14.0"},21.2]
["Área em descanso","hectare",6,0.3,{"v":9.75,"d":"9.8"},53.4,58.5]
["Área complementar","hectare",270,0.1,{"v":5.57,"d":"5.6"},115.7,{"v":1503.5,"d":"1,503.5"}]
["Área das UPAs com (0, 1] ha","hectare",1,0.2,0.2,0.2,0.2]
["Área das UPAs com (1, 2] ha","hectare",7,1.1,{"v":1.51,"d":"1.5"},{"v":2,"d":"2.0"},10.6]
["Área das UPAs com (2, 5] ha","hectare",50,2.1,{"v":3.67,"d":"3.7"},{"v":5,"d":"5.0"},183.5]
["Área das UPAs com (5, 10] ha","hectare",90,5.2,{"v":7.61,"d":"7.6"},{"v":10,"d":"10.0"},684.5]
["Área das UPAs com (10, 20] ha","hectare",99,10.2,{"v":14.83,"d":"14.8"},19.9,{"v":1468,"d":"1,468.0"}]
["Área das UPAs com (20, 50] ha","hectare",80,20.2,{"v":30.18,"d":"30.2"},48.4,{"v":2414.6,"d":"2,414.6"}]
["Área das UPAs com (50, 100] ha","hectare",45,50.8,{"v":69.26,"d":"69.3"},99.2,{"v":3116.7,"d":"3,116.7"}]
["Área das UPAs com (100, 200] ha","hectare",14,{"v":104,"d":"104.0"},{"v":141.11,"d":"141.1"},198.3,{"v":1975.6,"d":"1,975.6"}]
["Área das UPAs com (200, 500] ha","hectare",18,200.2,{"v":268.86,"d":"268.9"},378.4,{"v":4839.4,"d":"4,839.4"}]
["Área das UPAs com (500, 1.000] ha","hectare",8,506.2,{"v":666.41,"d":"666.4"},819.4,{"v":5331.3,"d":"5,331.3"}]
["Área das UPAs com (1.000, 2.000] ha","hectare","-","-","-","-","-"]
["Área das UPAs com (2.000, 5.000] ha","hectare","-","-","-","-","-"]
["Área das UPAs com (5.000, 10.000] ha","hectare","-","-","-","-","-"]
["Área das UPAs acima de 10.000 ha","hectare","-","-","-","-","-"]
["Familiares do proprietário que trabalham na UPA","unidade",257,{"v":1,"d":"1.0"},{"v":2.26,"d":"2.3"},{"v":6,"d":"6.0"},{"v":580,"d":"580.0"}]
["Trabalhadores permanentes","unidade",98,{"v":1,"d":"1.0"},{"v":11.01,"d":"11.0"},{"v":687,"d":"687.0"},{"v":1079,"d":"1,079.0"}]
["Fonte: Secretaria de Agricultura e Abastecimento, CDRS/IEA, Projeto LUPA."]
[]
["TABELA 486.2 - Explorações Animais, Município de Rio das Pedras, Estado de São Paulo, 2007/08."]
["ITEM","UNIDADE","N.DE UPAs","MÍNIMO","MÉDIO","MÁXIMO","TOTAL"]
["Apicultura","colmeias",1,{"v":4,"d":"4.0"},{"v":4,"d":"4.0"},{"v":4,"d":"4.0"},{"v":4,"d":"4.0"}]
["Asininos E Muares","cabeças",4,{"v":1,"d":"1.0"},1.5,{"v":2,"d":"2.0"},{"v":6,"d":"6.0"}]
["Avicultura de Corte","cabeças/ano",5,{"v":100,"d":"100.0"},{"v":75020,"d":"75,020.0"},{"v":165000,"d":"165,000.0"},{"v":375100,"d":"375,100.0"}]
["Avicultura Ornamental/Decorativa/Exótica","cabeças",1,{"v":70,"d":"70.0"},{"v":70,"d":"70.0"},{"v":70,"d":"70.0"},{"v":70,"d":"70.0"}]
["Avicultura para Ovos","cabeças",3,{"v":50,"d":"50.0"},{"v":3383.33,"d":"3,383.3"},{"v":10000,"d":"10,000.0"},{"v":10150,"d":"10,150.0"}]
["Bovinocultura de Corte","cabeças",8,{"v":12,"d":"12.0"},{"v":67.75,"d":"67.8"},{"v":275,"d":"275.0"},{"v":542,"d":"542.0"}]
["Bovinocultura Leiteira","cabeças",1,{"v":40,"d":"40.0"},{"v":40,"d":"40.0"},{"v":40,"d":"40.0"},{"v":40,"d":"40.0"}]
["Bovinocultura Mista","cabeças",82,{"v":2,"d":"2.0"},{"v":21.89,"d":"21.9"},{"v":80,"d":"80.0"},{"v":1795,"d":"1,795.0"}]
["Caprinocultura","cabeças",2,{"v":20,"d":"20.0"},{"v":50,"d":"50.0"},{"v":80,"d":"80.0"},{"v":100,"d":"100.0"}]
["Cunicultura","cabeças",1,{"v":10,"d":"10.0"},{"v":10,"d":"10.0"},{"v":10,"d":"10.0"},{"v":10,"d":"10.0"}]
["Equinocultura","cabeças",23,{"v":1,"d":"1.0"},{"v":5.48,"d":"5.5"},{"v":42,"d":"42.0"},{"v":126,"d":"126.0"}]
["Ovinocultura","cabeças",5,{"v":14,"d":"14.0"},34.2,{"v":80,"d":"80.0"},{"v":171,"d":"171.0"}]
["Piscicultura","m² tanques",1,{"v":800,"d":"800.0"},{"v":800,"d":"800.0"},{"v":800,"d":"800.0"},{"v":800,"d":"800.0"}]
["Suinocultura","cabeças",14,{"v":2,"d":"2.0"},24.5,{"v":80,"d":"80.0"},{"v":343,"d":"343.0"}]
["Fonte: Secretaria de Agricultura e Abastecimento, CDRS/IEA, Projeto LUPA."]
[]
["TABELA 486.3 -  Máquinas, Implementos e Benfeitorias, Município de Rio das Pedras, Estado de São Paulo, 2007/08."]
["ITEM","UNIDADE","N.DE UPAs","MÍNIMO","MÉDIO","MÁXIMO","TOTAL"]
["Arado Comum (Bacia, Aiveca)","Unidade",42,{"v":1,"d":"1.0"},{"v":1.33,"d":"1.3"},{"v":3,"d":"3.0"},{"v":56,"d":"56.0"}]
["Arado Escarificador","Unidade",31,{"v":1,"d":"1.0"},{"v":1.26,"d":"1.3"},{"v":3,"d":"3.0"},{"v":39,"d":"39.0"}]
["Arado Subsolador","Unidade",37,{"v":1,"d":"1.0"},{"v":1.16,"d":"1.2"},{"v":2,"d":"2.0"},{"v":43,"d":"43.0"}]
["Batedeira de Cereais","Unidade",10,{"v":1,"d":"1.0"},{"v":1,"d":"1.0"},{"v":1,"d":"1.0"},{"v":10,"d":"10.0"}]
["Câmara Fria","Unidade",1,{"v":1,"d":"1.0"},{"v":1,"d":"1.0"},{"v":1,"d":"1.0"},{"v":1,"d":"1.0"}]
["Carregadeira de Cana","Unidade",34,{"v":1,"d":"1.0"},{"v":1.41,"d":"1.4"},{"v":4,"d":"4.0"},{"v":48,"d":"48.0"}]
["Colhedeira Acoplada","Unidade",5,{"v":1,"d":"1.0"},{"v":1,"d":"1.0"},{"v":1,"d":"1.0"},{"v":5,"d":"5.0"}]
["Colhedeira Automotriz","Unidade",3,{"v":1,"d":"1.0"},{"v":7.67,"d":"7.7"},{"v":20,"d":"20.0"},{"v":23,"d":"23.0"}]
["Computador","Unidade",1,{"v":1,"d":"1.0"},{"v":1,"d":"1.0"},{"v":1,"d":"1.0"},{"v":1,"d":"1.0"}]
["Conj.Irrigação Autopropelido","Unidade",2,{"v":2,"d":"2.0"},{"v":3,"d":"3.0"},{"v":4,"d":"4.0"},{"v":6,"d":"6.0"}]
["Conj.Irrigação Convencional","Unidade",6,{"v":1,"d":"1.0"},{"v":1.17,"d":"1.2"},{"v":2,"d":"2.0"},{"v":7,"d":"7.0"}]
["Conj.Irrigação/Gotejamento/Microaspersão","Unidade",4,{"v":1,"d":"1.0"},{"v":1.75,"d":"1.8"},{"v":4,"d":"4.0"},{"v":7,"d":"7.0"}]
["Desintegrador, Picador, Triturador","Unidade",77,{"v":1,"d":"1.0"},1.3,{"v":4,"d":"4.0"},{"v":100,"d":"100.0"}]
["Distribuidor de Calcário","Unidade",25,{"v":1,"d":"1.0"},1.2,{"v":4,"d":"4.0"},{"v":30,"d":"30.0"}]
["Ensiladeira","Unidade",4,{"v":1,"d":"1.0"},{"v":1,"d":"1.0"},{"v":1,"d":"1.0"},{"v":4,"d":"4.0"}]
["Grade Aradora (Tipo Romi)","Unidade",26,{"v":1,"d":"1.0"},{"v":1.19,"d":"1.2"},{"v":3,"d":"3.0"},{"v":31,"d":"31.0"}]
["Grade Niveladora","Unidade",34,{"v":1,"d":"1.0"},{"v":1.21,"d":"1.2"},{"v":4,"d":"4.0"},{"v":41,"d":"41.0"}]
["Microtrator","Unidade",6,{"v":1,"d":"1.0"},{"v":1,"d":"1.0"},{"v":1,"d":"1.0"},{"v":6,"d":"6.0"}]
["Misturador de Ração","Unidade",7,{"v":1,"d":"1.0"},{"v":1,"d":"1.0"},{"v":1,"d":"1.0"},{"v":7,"d":"7.0"}]
["Ordenhadeira Mecânica","Unidade",2,{"v":1,"d":"1.0"},{"v":1,"d":"1.0"},{"v":1,"d":"1.0"},{"v":2,"d":"2.0"}]
["Pulverizador Tratorizado","Unidade",53,{"v":1,"d":"1.0"},{"v":1.28,"d":"1.3"},{"v":3,"d":"3.0"},{"v":68,"d":"68.0"}]
["Resfriador de Leite, Tanque Expansão","Unidade",2,{"v":1,"d":"1.0"},1.5,{"v":2,"d":"2.0"},{"v":3,"d":"3.0"}]
["Semeadeira/Adubadeira para Plantio Convencional","Unidade",13,{"v":1,"d":"1.0"},{"v":1.15,"d":"1.2"},{"v":3,"d":"3.0"},{"v":15,"d":"15.0"}]
["Semeadeira/Plantadeira Plantio Direto","Unidade",3,{"v":1,"d":"1.0"},{"v":1.67,"d":"1.7"},{"v":2,"d":"2.0"},{"v":5,"d":"5.0"}]
["Terraceador","Unidade",3,{"v":1,"d":"1.0"},{"v":1.67,"d":"1.7"},{"v":2,"d":"2.0"},{"v":5,"d":"5.0"}]
["Trator de Esteiras","Unidade",1,{"v":2,"d":"2.0"},{"v":2,"d":"2.0"},{"v":2,"d":"2.0"},{"v":2,"d":"2.0"}]
["Trator de Pneus","Unidade",80,{"v":1,"d":"1.0"},{"v":2.71,"d":"2.7"},{"v":18,"d":"18.0"},{"v":217,"d":"217.0"}]
["Açude/Represa","Unidade",87,{"v":1,"d":"1.0"},{"v":1.41,"d":"1.4"},{"v":5,"d":"5.0"},{"v":123,"d":"123.0"}]
["Almoxarifado/Oficina","Unidade",24,{"v":1,"d":"1.0"},{"v":1.04,"d":"1.0"},{"v":2,"d":"2.0"},{"v":25,"d":"25.0"}]
["Armazém para Grãos Ensacados","Sacas",6,{"v":1,"d":"1.0"},{"v":67950.17,"d":"67,950.2"},{"v":400000,"d":"400,000.0"},{"v":407701,"d":"407,701.0"}]
["Balança para Bovinos","Unidade",1,{"v":1,"d":"1.0"},{"v":1,"d":"1.0"},{"v":1,"d":"1.0"},{"v":1,"d":"1.0"}]
["Balança para Veículos","Unidade",4,{"v":1,"d":"1.0"},1.5,{"v":2,"d":"2.0"},{"v":6,"d":"6.0"}]
["Barracão para Granja/Avicultura","Unidade",9,{"v":1,"d":"1.0"},{"v":1.78,"d":"1.8"},{"v":5,"d":"5.0"},{"v":16,"d":"16.0"}]
["Barracão/Galpão/Garagem","Unidade",105,{"v":1,"d":"1.0"},{"v":1.31,"d":"1.3"},{"v":4,"d":"4.0"},{"v":138,"d":"138.0"}]
["Casa de Moradia Habitada","Unidade",146,{"v":1,"d":"1.0"},{"v":2.73,"d":"2.7"},{"v":41,"d":"41.0"},{"v":398,"d":"398.0"}]
["Casa de Moradia Total","Unidade",153,{"v":1,"d":"1.0"},{"v":3.25,"d":"3.3"},{"v":48,"d":"48.0"},{"v":498,"d":"498.0"}]
["Curral/Mangueira","Unidade",90,{"v":1,"d":"1.0"},{"v":1.11,"d":"1.1"},{"v":11,"d":"11.0"},{"v":100,"d":"100.0"}]
["Depósito/Tulha","Unidade",54,{"v":1,"d":"1.0"},{"v":1.17,"d":"1.2"},{"v":6,"d":"6.0"},{"v":63,"d":"63.0"}]
["Engenho","Unidade",1,{"v":1,"d":"1.0"},{"v":1,"d":"1.0"},{"v":1,"d":"1.0"},{"v":1,"d":"1.0"}]
["Estábulo","Unidade",20,{"v":1,"d":"1.0"},{"v":1.05,"d":"1.1"},{"v":2,"d":"2.0"},{"v":21,"d":"21.0"}]
["Estufa/Plasticultura","m²",2,{"v":2,"d":"2.0"},{"v":3676,"d":"3,676.0"},{"v":7350,"d":"7,350.0"},{"v":7352,"d":"7,352.0"}]
["Fábrica de Ração","Unidade",2,{"v":1,"d":"1.0"},{"v":1,"d":"1.0"},{"v":1,"d":"1.0"},{"v":2,"d":"2.0"}]
["Instalações para Equinos","Unidade",6,{"v":1,"d":"1.0"},{"v":5.33,"d":"5.3"},{"v":10,"d":"10.0"},{"v":32,"d":"32.0"}]
["Olaria","Unidade",3,{"v":1,"d":"1.0"},{"v":1,"d":"1.0"},{"v":1,"d":"1.0"},{"v":3,"d":"3.0"}]
["Pocilga","Unidade",23,{"v":1,"d":"1.0"},1.3,{"v":4,"d":"4.0"},{"v":30,"d":"30.0"}]
["Poço Semi-Artesiano","Unidade",10,{"v":1,"d":"1.0"},1.1,{"v":2,"d":"2.0"},{"v":11,"d":"11.0"}]
["Posto Meteorológico","Unidade",1,{"v":1,"d":"1.0"},{"v":1,"d":"1.0"},{"v":1,"d":"1.0"},{"v":1,"d":"1.0"}]
["Secador de Grãos","Unidade",1,{"v":1,"d":"1.0"},{"v":1,"d":"1.0"},{"v":1,"d":"1.0"},{"v":1,"d":"1.0"}]
["Silo para Grãos","t",2,{"v":10,"d":"10.0"},{"v":305,"d":"305.0"},{"v":600,"d":"600.0"},{"v":610,"d":"610.0"}]
["Silo para Silagem","t",5,{"v":35,"d":"35.0"},{"v":83,"d":"83.0"},{"v":140,"d":"140.0"},{"v":415,"d":"415.0"}]
["Terreiro","m²",15,{"v":40,"d":"40.0"},{"v":405.73,"d":"405.7"},{"v":2500,"d":"2,500.0"},{"v":6086,"d":"6,086.0"}]
["Usina de Açúcar/destilaria","Unidade",2,{"v":1,"d":"1.0"},{"v":1,"d":"1.0"},{"v":1,"d":"1.0"},{"v":2,"d":"2.0"}]
["Fonte: Secretaria de Agricultura e Abastecimento, CDRS/IEA, Projeto LUPA."]
[]
["TABELA 486.4 - Outras Estatísticas Agrícolas, Município de Rio das Pedras, Estado de São Paulo, 2007/08."]
["ITEM","Número de UPAs",null,"Percentual"]
["Faz Parte de Associação de Produtores",251,null,{"v":60.922330097087375,"d":"60.9"}]
["Faz Parte de Cooperativa de Produtores",257,null,{"v":62.37864077669903,"d":"62.4"}]
["Faz Parte do Sindicato de Produtores",211,null,{"v":51.213592233009706,"d":"51.2"}]
["Não utiliza assistência técnica ",6,null,{"v":1.4563106796116505,"d":"1.5"}]
["Utiliza somente assistência técnica governamental ",3,null,{"v":0.7281553398058253,"d":"0.7"}]
["Utiliza somente assistência técnica privada ",3,null,{"v":0.7281553398058253,"d":"0.7"}]
["Utiliza assistência técnica tanto governamental quanto privada",400,null,{"v":97.08737864077669,"d":"97.1"}]
["Utiliza Crédito Rural",94,null,{"v":22.815533980582522,"d":"22.8"}]
["Utiliza Seguro Rural",1,null,{"v":0.24271844660194172,"d":"0.2"}]
["Utiliza Escrituração Agrícola",107,null,{"v":25.97087378640777,"d":"26.0"}]
["Acessa Internet p/ Fins na Agropecuária",46,null,{"v":11.165048543689322,"d":"11.2"}]
["Utiliza Computador nas Atividades Agropecuárias",90,null,{"v":21.844660194174757,"d":"21.8"}]
["Utiliza Energia Elétrica Para Uso na Atividade Agrícola",176,null,{"v":42.71844660194174,"d":"42.7"}]
["Realiza Análise de Solo, quando necessário",346,null,{"v":83.98058252427184,"d":"84.0"}]
["Utiliza Práticas de Conservação de Solo, quando necessário",395,null,{"v":95.87378640776699,"d":"95.9"}]
["Faz Adubação Mineral, quando necessário",341,null,{"v":82.76699029126213,"d":"82.8"}]
["Faz Adubação Orgânica, quando necessário",205,null,{"v":49.75728155339806,"d":"49.8"}]
["Faz Adubação Verde, quando necessário",32,null,{"v":7.766990291262137,"d":"7.8"}]
["Utiliza Manejo Integrado de Pragas (MIP)",1,null,{"v":0.24271844660194172,"d":"0.2"}]
["Utiliza Hidroponia",1,null,{"v":0.24271844660194172,"d":"0.2"}]
["Utiliza Plasticultura",2,null,{"v":0.48543689320388345,"d":"0.5"}]
["Utiliza Mudas Fiscalizadas",286,null,{"v":69.41747572815534,"d":"69.4"}]
["Utiliza Semente Melhorada",48,null,{"v":11.650485436893204,"d":"11.7"}]
["Faz Confinamento de Bovinos",4,null,{"v":0.9708737864077671,"d":"1.0"}]
["Utiliza Pastejo Intensivo",62,null,{"v":15.048543689320388,"d":"15.0"}]
["Faz Inseminação Artificial",3,null,{"v":0.7281553398058254,"d":"0.7"}]
["Faz Mineralização do Rebanho",88,null,{"v":21.35922330097087,"d":"21.4"}]
["Faz Vermifugação do Rebanho",88,null,{"v":21.35922330097087,"d":"21.4"}]
["Possui Parceiros /Arrendatários na Exploração Animal",126,null,{"v":30.58252427184466,"d":"30.6"}]
["Esporte e lazer",1,null,{"v":0.24271844660194172,"d":"0.2"}]
["Extração mineral","-",null,"-"]
["Hotel Fazenda, Pousada ou SPA","-",null,"-"]
["Pesque-pague","-",null,"-"]
["Restaurante ou Lanchonete","-",null,"-"]
["Transformação artesanal","-",null,"-"]
["Turismo rural ou ecoturismo","-",null,"-"]
["Outras atividades econômicas rurais",4,null,{"v":0.9708737864077671,"d":"1.0"}]
["Agroindústria","-",null,"-"]
["Proprietário sem instrução ou com instrução incompleta",59,null,{"v":14.320388349514563,"d":"14.3"}]
["Proprietário com antigo primário completo",121,null,{"v":29.368932038834952,"d":"29.4"}]
["Proprietário com 1° grau (ou antigo ginasial) completo",18,null,{"v":4.368932038834952,"d":"4.4"}]
["Proprietário com 2° grau (ou antigo colegial) completo",52,null,{"v":12.62135922330097,"d":"12.6"}]
["Proprietário com curso superior completo ",78,null,{"v":18.932038834951456,"d":"18.9"}]
["Pessoa Jurídica",84,null,{"v":20.388349514563107,"d":"20.4"}]
["Proprietário residente na própria UPA ",40,null,{"v":9.708737864077671,"d":"9.7"}]
["Fonte: Secretaria de Agricultura e Abastecimento, CDRS/IEA, Projeto LUPA."]
[]
["TABELA 486.5 - Área Cultivada, Município de Rio das Pedras, Estado de São Paulo, 2007/08."]
["CULTURA","N.DE UPAs","MÍNIMO","MÉDIO","MÁXIMO","TOTAL"]
["Cana-de-acucar",315,0.2,{"v":45.43,"d":"45.4"},574.7,{"v":14310.4,"d":"14,310.4"}]
["Braquiaria",76,0.1,{"v":10.64,"d":"10.6"},137.4,808.4]
["Gramas",81,0.2,{"v":7.65,"d":"7.7"},60.5,619.5]
["Eucalipto",69,0.1,{"v":8.13,"d":"8.1"},164.7,{"v":561,"d":"561.0"}]
["Milho",40,0.3,{"v":6.94,"d":"6.9"},{"v":30,"d":"30.0"},277.6]
["Soja",9,3.6,{"v":17.28,"d":"17.3"},92.5,155.5]
["Capim-jaragua",10,0.1,{"v":4.24,"d":"4.2"},9.6,42.4]
["Cafe",3,0.5,{"v":13.37,"d":"13.4"},{"v":36,"d":"36.0"},40.1]
["Capim-napier (ou capim-elefante)",13,0.3,{"v":2.27,"d":"2.3"},10.9,29.5]
["Triticale",1,{"v":7,"d":"7.0"},{"v":7,"d":"7.0"},{"v":7,"d":"7.0"},{"v":7,"d":"7.0"}]
["Batata-inglesa (ou batata, ou batatinha)",1,{"v":6,"d":"6.0"},{"v":6,"d":"6.0"},{"v":6,"d":"6.0"},{"v":6,"d":"6.0"}]
["Laranja",4,0.4,{"v":0.48,"d":"0.5"},0.6,1.9]
["Lichia",1,1.8,1.8,1.8,1.8]
["Sorgo",2,0.3,{"v":0.75,"d":"0.8"},1.2,1.5]
["Banana",1,1.5,1.5,1.5,1.5]
["Feijao",2,0.3,{"v":0.65,"d":"0.7"},{"v":1,"d":"1.0"},1.3]
["Mandioca",1,1.3,1.3,1.3,1.3]
["Outras gramineas para pastagem",1,1.2,1.2,1.2,1.2]
["Outras olericolas",1,{"v":1,"d":"1.0"},{"v":1,"d":"1.0"},{"v":1,"d":"1.0"},{"v":1,"d":"1.0"}]
["Milho-silagem",1,0.9,0.9,0.9,0.9]
["Arroz",2,0.3,{"v":0.45,"d":"0.5"},0.6,0.9]
["Alface",1,0.5,0.5,0.5,0.5]
["Abacaxi (ou ananas)",1,0.5,0.5,0.5,0.5]
["Manga",1,0.1,0.1,0.1,0.1]
["Fonte: Secretaria de Agricultura e Abastecimento, CDRS/IEA, Projeto LUPA."]